Lugares e interpelaciones de Dios : discernir los signos de los tiempos /

Uloženo v:
Podrobná bibliografie
Hlavní autor: Azcuy, Virginia Raquel (edición)
Další autoři: García, Diego (edición) (edición), Schickendantz, Carlos (edición) (edición)
Médium: Kniha
Jazyk:španělština
Vydáno: Santiago, Chile : Universidad Alberto Hurtado, 2017, c2017
Edice:(Teología de los Tiempos ; 19)
Témata:
Tagy: Přidat tag
Žádné tagy, Buďte první, kdo vytvoří štítek k tomuto záznamu!

MARC

LEADER 00000nam^a2200000^a^4500
001 000399290
005 20250521000000.0
009 20260310121547.994
020 |a 978-956-357-111-0 
037 |a Acervo Xavier Clavigero 
041 |a ESP 
082 |a 261.  |b AZC 
100 |a Azcuy, Virginia Raquel  |e (edición) 
245 1 0 |a Lugares e interpelaciones de Dios :  |b discernir los signos de los tiempos /  |c Ed. e introd. de V.R. Azcuy, D. García, C. Schickendantz. 
264 4 |a Santiago, Chile :  |b Universidad Alberto Hurtado,  |c 2017, c2017 
300 |a 397 p. 
336 |a texto  |b txt  |2 rdacontenido 
337 |a sin mediación  |b n  |2 rdamedio 
338 |a volumen  |b nc  |2 rdasoporte 
440 1 |a (Teología de los Tiempos ;  |v 19) 
521 |a FIL 2017 EEnlace Departamento de Filosofía y Humanidades 
521 |a Peticiones 2018 
649 |a XX 
650 |a Iglesia y Problemas Sociales -  |z Latinoamérica 
650 |a Dios -  |x Historia 
650 |a Discernimiento 
650 |a Solidaridad 
650 |a Teología de la Liberación 
650 |a Teología Pastoral 
650 |a Teología Social -  |x Tema Principal 
650 |a Teología Doctrinal 
650 |a Fenomenología 
650 |a Catolicismo 
650 |a Cristianismo 
650 |a Política y Religión 
650 |a Filosofía y Religión 
650 |a Religión 
650 |a Marion, Jean-Luc 
600 |a Cusa, Nicolás de 
700 |a García, Diego  |e (edición) 
700 |a Schickendantz, Carlos  |e (edición) 
910 |a Fondo General 
920 |a Impresos - Libros 
930 |a Colección General 
905 |a 101 
901 |a 0500294265  |b IT1  |c ACC  |i c1669  |u 20250521 
902 |a https://opac.biblio.iteso.mx/vufind/Record/000399290